=LDR 00000nam 2200000 4500 =001 INLIS000000000809939 =008 ###################################ind## =035 ##$$a 0010-0925000064 =245 ##$$a Aqwal ulama sunnah fii jamaati tabligh =084 ##$$a 297.72 MUH